|
|
|
|
| LEADER |
00000nab a2200000 a 4500 |
| 001 |
vtls010584471 |
| 003 |
SK-MaSNL |
| 005 |
20260318115023.0 |
| 008 |
140320c1991 xo kr 000 c0ukr |
| 015 |
|
|
|a SNBRA2014/03
|
| 038 |
|
|
|a SVKPOCL
|
| 040 |
|
|
|a SVKPOCL
|b slo
|c SVKPOCL
|e AACR2
|
| 041 |
0 |
|
|a ukr
|
| 044 |
|
|
|a xo
|c SK
|
| 080 |
|
|
|a 80(=16)+908(4)
|2 2001
|
| 080 |
|
|
|a 80(=161.2)+908(477)
|2 2001
|
| 080 |
|
|
|a 37.011.3-051
|2 2001
|
| 080 |
|
|
|a 929 Kovaľčuk, Ivan
|2 2001
|
| 100 |
1 |
|
|a Mychajliv, Kornij
|4 aut
|9 999594
|
| 245 |
1 |
0 |
|a Spravdi naodnyj
|b (do 95-riččja z dnja narodžennja Ivana Koval'čuka)
|c Kornij Mychajliv
|
| 600 |
1 |
7 |
|a Kovaľčuk, Ivan,
|d 1897-1977
|2 snkbucl
|9 135721
|
| 650 |
0 |
7 |
|a učitelia
|2 svkpocl
|9 3995
|
| 650 |
0 |
7 |
|a slavistika
|2 svkpocl
|9 4282
|
| 650 |
0 |
7 |
|a ukrajinistika
|2 svkpocl
|9 51200
|
| 650 |
0 |
7 |
|a osobnosti
|2 svkpocl
|9 29820
|
| 650 |
0 |
7 |
|a rodáci
|2 SNKPH
|9 30842
|
| 651 |
|
7 |
|a Kolednjany (Ukrajina)
|2 svkpocl
|9 1304975
|
| 651 |
|
7 |
|a Beňadikovce (Slovensko)
|2 svkpocl
|9 59583
|
| 651 |
|
7 |
|a Svidník (Slovensko : okres)
|2 svkpocl
|9 28651
|
| 651 |
|
7 |
|a Kručov (Slovensko)
|2 snkbucl
|9 16061
|
| 651 |
|
7 |
|a Stropkov (Slovensko : okres)
|2 svkpocl
|9 23137
|
| 651 |
|
7 |
|a Košice (Slovensko)
|2 snkbucl
|9 18694
|
| 655 |
|
7 |
|a biografie
|2 svkpocl
|9 27965
|
| 773 |
0 |
|
|a Hirjak, Michal, 1933-2007 [ed.]
|t Narodnyj kalendar 1992
|d Bratislava : Slovac'ke pedahohične vydavnyctvo ; Prjašiv : Viddil ukrajins'koji literatury, 1991
|g S. 119-120
|z 8008011890
|
| 852 |
|
|
|a SVKPO
|b KIS3GCP
|
| 958 |
|
|
|a UK
|
| 958 |
|
|
|a SK
|
| 958 |
|
|
|a BX
|
| 958 |
|
|
|a UA
|
| 958 |
|
|
|a SS
|
| 999 |
|
|
|c 3336637
|d 3338567
|